Zgadnij Miasto A-Z - Statystyki

Ogólne statystyki
  • Ten quiz został rozwiązany 163 razy
  • Średni wynik to 13 z 25
Statystyki odpowiedzi
Kontynent LItera Wskazówka Ludność Miasto % Poprawnych
Azja A Stolica Turcji 5,6 mil. Ankara
95%
Europa G Polskie miasto portowe 580 tys. Gdańsk
90%
Europa C Miejsce katastrofy jądrowej w 1986 r. 2 tys. Czarnobyl
86%
Europa D Sławny klub piłkarski "Borussia" 586 tys. Dortmund
86%
Europa K Miasto z Wawelem, Sukiennicami .. 780 tys. Kraków
80%
Ameryka Północna N Miasto z Statuą Wolności 11,6 mil. Nowy Jork
79%
Europa F Miasto w Warmińsko - Mazurskim, zmarł tam Mikołaj Kopernik 2 tys. Frombork
73%
Azja J Miasto 3 religii 870 tys. Jerozolima
66%
Europa T Miasto na Półwyspie Apenińskim, klub piłkarski Juventus 890 tys. Turyn
63%
Azja O Drugie największe miasto Japonii 2,6 mil. Osaka
59%
Europa Z Jedyna stolica na literę Z [ Półwysep Bałkański] 806 tys. Zagrzeb
59%
Ameryka Południowa Q Jedyna stolica na literę Q 1,6 mil. Quito
50%
Ameryka Południowa S Miasto w Brazylii, znane z różnorodnych dzielnic 12 mil. Sao Paulo
50%
Europa I Jedna z kulturowych stolic Europy [Austria] 300 tys. Innsbruck
48%
Azja P Stolica państwa w Azji - Wschodniej 22 mil. Pekin
48%
Azja E Jedyna stolica świata na literę E 1 mil. Erywań
47%
Ameryka Północna H Miasto znane z kosmodromu i misji Apollo 13 2,1 mil. Houston
46%
Oceania W Jedno z najlepszych miast pod względem jakości życia 220 tys. Wellington
39%
Afryka M Stolica Somali [Mo] 2,6 mil. Mogadiszu
37%
Afryka L Jedno z największych miast Afryki 21 mil. Lagos
36%
Azja B Starożytne miasto w Iraku, obecnie ruina brak Babilon
30%
Europa R Miasto portowe, nazywane Zachodnią Wenecją 625 tys. Rotterdam
28%
Oceania Y Jedyna stolica na literę Y [Nauru] 1 tys. Yaren
26%
Azja X Stolica Chin, podczas dynastii Qin czy Han 12 mil. Xian
20%
Azja U Starożytne miasto, stolica Sumerii brak Uruk
6%
Nie znaleziono quizów pasujących do podanych kryteriów
Rozkład punktacji
Procent ludzi z każdym wynikiem
Percentyl według liczby udzielonych odpowiedzi
Twoja historia wyników
Nie rozwiązałeś tego quizu